000 00511nam a2200157 a 4500
008 120416s1962 ||||||||||||||||| || u
050 _aHF 5635 Mei
100 _aMeigs, Walter B
245 1 0 _aAccounting
250 _aCanadian e
260 _aNew York
_bMcGraw-Hill
_c1962
300 _axvi, 880p.
350 _a0.00
700 _aBlazouske, T. J. David
995 _D0.00
_FCBU-MAIN LIBRARY (Kitwe)
_H1
_I2.10
_UAVAILABLE
_ZAnnex Low-Usage Collection
999 _c33289
_d33289